| 000 | 01316cab a2200349 4500 | ||
|---|---|---|---|
| 001 | A364 | ||
| 008 | 090401t1992 xxu||||| |||| 00| 0 eng d | ||
| 035 | _a(Sirsi) u28717 | ||
| 041 | _aeng | ||
| 100 | _aHealy, P.R. | ||
| 245 | _aLenders` perspectives on environmental issues | ||
| 260 | _c1992 | ||
| 350 | _a0 | ||
| 490 |
_aAppraisal Journal _v60(3) July 1992, 394-398(5) |
||
| 520 | _aA survey of banks of various sizes reveals that lenders are aware of environmental issues as they relate to properties and that contamination does not appear to discount a bank`s interest in lending on a specific property. Banks do require a more stringent due diligence process in such cases, however. Journal abstract. Survey conducted 4Q 1990 in the United States. | ||
| 650 | _aBANK LENDING | ||
| 650 | _aCONTAMINATED LAND | ||
| 650 |
_aContamination _96231 |
||
| 650 | _aENVIRONMENTAL CONTAMINATION | ||
| 650 | _aENVIRONMENTAL FACTORS | ||
| 650 | _aENVIRONMENTAL ISSUES | ||
| 650 | _aLENDER AWARENESS | ||
| 650 | _aVALUATION PROCESS | ||
| 650 | _aVALUE | ||
| 690 | _aENVIRONMENTAL AND LAND CONSULTANCY | ||
| 690 | _aPROPERTY-PROPERTY FINANCE AND INVESTMENT | ||
| 690 | _aOVERSEAS-NORTH AMERICA | ||
| 690 | _aRATING AND VALUATION | ||
| 700 | _aHealy, J.J. | ||
| 942 | _n0 | ||
| 948 | _c04/03/1997 | ||
| 999 |
_c19309 _d19309 |
||